|
|
|
|
| LEADER |
00898ncm a22002412a 4500 |
| 001 |
001314712 |
| 003 |
CZ BrMZK |
| 005 |
20160316152009.0 |
| 007 |
qu |
| 008 |
130801s1938 gw |||||||||||||||||zxx d |
| 040 |
|
|
|a BOA001
|b cze
|
| 072 |
|
7 |
|a 786
|x Hudba pro klávesové nástroje
|2 Konspekt
|9 9
|
| 100 |
1 |
|
|a Molique, Bernhard,
|d 1802-1869
|7 xx0027647
|4 cmp
|
| 245 |
1 |
0 |
|a Alte Spielmusik, Op. 61
|h [hudebnina] :
|b für Akordeon und Klavier /
|c von Bernhardt Molique ; bearbeitet Hugo Herrmann
|
| 260 |
|
|
|a Trossingen :
|b Matth. Hohner AG., Abt. Musikverlag,
|c 1938
|
| 300 |
|
|
|a 1 partitura (35 s.)
|
| 490 |
1 |
|
|a Hohner Musikalbum ;
|v Nr. 223
|
| 700 |
1 |
|
|a Herrmann, Hugo,
|d 1896-1967
|7 mzk2011633136
|4 adp
|
| 830 |
|
0 |
|a Hohner Musikalbum
|
| 910 |
|
|
|a BOA001
|b Mus4-0186.532
|
| 990 |
|
|
|a MU
|
| 991 |
|
|
|b 201308
|
| 996 |
6 |
|
|b 2619577780
|c Mus4-0186.532
|l MZK
|r Sklad / do 1 hodiny
|n 0
|w 001349692
|u 000010
|a 1
|e BOA001
|j MZK50
|s P
|